00751nam a2200157 i 4500001000700000003000900007005001700016008004100033100004000074245017100114260004300285300004700328500007600375651004800451852009400499164345ES-MaACL20230906212923.0000522s1894 fr af |||| | fre d1 aSaint-Saud, Aymard de (d1853-1932)10aPics d'Europe (Pyrènèes Cantabriques) b: conférence publique donnée dans l'Amphithéatre de l´Athenée le 21 févrie 1894 / cpar le Comte de Saint Saud. aBordeaux : bImp. Ve. Cadoret, c1894. a35 p., [5] h. de lám. : bil. ; c23 cm. aExtrait du Bulletin n. 35, du Club Alpin Franç (Section du Sud-Ouest) 4aPicos de Europa (España)-xDescripción. aES-MaACLjT-846-F-4 z- Enc. hol., conservando cub. original z- Enc. en un vol. facticio